000 00577cam a22001937a 4500
020 _a925105536X
020 _a9789251055366
040 _cUKM
082 0 4 _a363 STR 2006 C106 Or.
100 1 _aHopper, Marlynne.
245 1 0 _aStrengthening national food control systems :
_bguidelines to assess capacity building needs /
260 _aRome :
_bFAO,
_c2006.
300 _axiii, 137 p. :
_bill. ;
_c30 cm.
650 0 _aFood
650 0 _aFood supply
700 1 _aBoutrif, Ezzeddine.
710 2 _aFood and Agriculture Organization of the United Nations.
942 _cAEDBB
999 _c20931
_d20931